000 00435nas a2200193 a 4500
001 63925
003 136572
005 20201118110049.0
008 ||||||n9999 ||| || ||
041 _aspa
245 0 _aCarta Local - No.102
260 _aEspaña :
_bFEDER,
_c1999.
562 _e1
650 _aADMINISTRACIÓN LOCAL
650 _aESPAÑA
650 _aMUNICIPIOS
773 _018535
_aCarta Local
942 _cSISS
999 _c63925
_d63925